Retrouve les chansons de Florent Pagny - Statistiques

Statistiques générales
  • Ce quiz a été pris 37 fois
  • Le résultat moyen est 12 sur 22
Answers on the Grid
Answers color-coded by a green-red scale on the quiz's grid according to % correct below.
Pas besoin de regrets
Je l'aime à mourir
Dès que j'te vois
Un jour au mauvais endroit
Si tu veux m'essayer
Le soldat
Là où je t'emmenerai
Alors regarde
Les murs porteurs
Chanter
La dernière chanson du monde
N'importe quoi
Le chant des colombes
Ca fait des nuits
Caruso
Est-ce que tu me suis
L'instinct
Et un jour une femme
Ma liberté de penser
Te jeter des fleurs
Terre
Dors
Vieillir avec toi
Histoire naturelle
Le parking des anges
Tue moi
Bienvenue chez moi
Je sais qui je suis
Châtelet les Halles
Savoir aimer
 
Statistiques - réponses
Réponse % Correct
Ma liberté de penser
91%
Chanter
89%
Et un jour une femme
86%
Savoir aimer
86%
Bienvenue chez moi
83%
Là où je t'emmenerai
83%
Les murs porteurs
77%
Si tu veux m'essayer
69%
Caruso
66%
Châtelet les Halles
63%
Le soldat
57%
N'importe quoi
57%
Je sais qui je suis
40%
Ca fait des nuits
31%
Vieillir avec toi
31%
Terre
29%
Dors
26%
La dernière chanson du monde
26%
Est-ce que tu me suis
23%
Tue moi
23%
L'instinct
20%
Te jeter des fleurs
20%
Aucun quiz correspondant
Distribution des résultats
% des personnes avec chaque résultat
Percentile par nombre de réponses
Votre historique - résultats
Vous n’avez pas pris ce quiz